000 00851cab a22002535a 4500
001 ##L134920
008 060911s2006 xxk f 000 0 eng d
035 _a(Sirsi) u134920
041 0 _aeng
050 0 4 _a693.97 $2 18
100 1 _aHeller, Allison
245 0 0 _aHousebuilder supplement
_bMMC industrial evolution
260 _aLondon
_bHousebuilder
_c2006
300 _a20p.
_c30cm.
490 0 _aHousebuilder
_vSupplement September 2006
520 _aExamines the benefits and problems associated with the utilisation of modern methods of construction by the housebuilding industry.
651 4 _aUnited Kingdom
_y
690 _aBUILT ENVIRONMENT-CONSTRUCTION MANAGEMENT-CONSTRUCTION DESIGN AND MANAGEMENT
700 1 _aOgden, Richard
700 1 _aMcGeough, Kevin
700 1 _aCarr, Steve
700 1 _aLeech, Andrew
942 _n0
999 _c105845
_d105845